| 000 | 00620nam a2200193Ia 4500 | ||
|---|---|---|---|
| 005 | 20250423094852.0 | ||
| 008 | 250422s9999 xx 000 0 und d | ||
| 020 | _a9780333947173 | ||
| 050 | _aDA 197 .G65/ | ||
| 100 | _aGolding, Brian. | ||
| 245 | 0 | _aConquest and colonisation: the Normans in Britain, 1066-1100 | |
| 250 | _aRev. ed. | ||
| 260 | _aHoundmills, Basingstoke, Hampshire ; New York | ||
| 260 | _bPalgrave | ||
| 260 | _c2001 | ||
| 300 | _a227 p | ||
| 650 | _aGreat Britain _History _William I, 1066-1087. Great Britain _History _William II, Rufus, 1087-1100. Normans _Great Britain. | ||
| 942 | _cBK | ||
| 999 |
_c28539 _d28539 |
||